1746 1032 1091 1398 1191 1960 1600 1143 1031 1833 1917 1649 1685 1758 1102 1678 1823 1734 1168 1142 1370 1765 1884 1620 1234 1003 1457 1019 1414 1473 1781 1365 1863 1518 1232 1390 1762 1572 1062 1562 1644 1447 1218 1242 1244 1149 1867 1629 1614 1760 1807 1448 1304 1213 1210 1664 1341 1956 1579 1192 1913 1849 1856 1509 1624 1315 1418 1998 1782 1090 1988 1847 1867 1887 1999 1268 1420 1692 1594 1746 1469 1648 1824 1611 1857 1597 1457 1172 1245 1769 1138 1155 1153 1836 1047 1965 1642 1405 1257 BCNSPRNW ULIB Ver.6.0+V

เปลี่ยนเป็นภาษาไทย

Change to English
 แสดงรายละเอียดบรรณานุกรม
  กลับหน้าหลัก

Brief Record : Get Marc (ISO 2709) : E-mail record : QR code < ปิดหน้าต่าง
LEADER : 00000nam 2200000uu 4500
001    13399122021
003     ULIB
008    121220s2555||||th 000 0 tha d
020    ^a9786169120506
060  4 ^aWQ240^bว511
245 00 ^aวิกฤตการณ์ทางสูติกรรมที่รุนแรง /^cเอกชัย โควาวิสารัช, ปัทมา พรหมสนธิ, บุญศรี จันทร์รัชชกูล บรรณาธิการ
250    ^aพิมพ์ครั้งแรก
260    ^aกรุงเทพฯ :^bทรี-ดี สแกน,^c2555
300    ^a256 หน้า :^bภาพประกอบ
505 0  ^a^tการบริหารความเสี่ยงเชิงระบบ - -^tRisk management of serious obstetric crisis - -^tการบริหารความเสี่ยงในงานการพยาบาล - -^tการดูแลภาวะหัวใจหยุดเต้นในหญิงตั้งครรภ์ - -^tการบาดเจ็บในสตรีตั้งครรภ์ - -^tUpdate : CRP and trauma in pregnancy - -^tภาวะคลอดติดไหล่ - -^tการดูแลครรภ์แฝดสองขณะเจ็บครรภ์คลอด - -^tการคลอดทารกที่มีส่วนน้ำเป็นก้น - -^tสายสะดือย้อย - -^tPeripartum collapse : amniotic fluid embolism - -^tภาวะตกเลือดหลังคลอด - -^tบทบาทพยาบาลกับการพยาบาลมารดาตั้งครรภ์ที่เกิดภาวะช็อค - -^tจริยธรรมในวิกฤตการณ์ทางสูติกรรมที่รุนแรง - -^tปัญหาจริยธรรมและกฎหมายในสถานการณ์วิกฤติจากการตั้งครรภ์ - -^tExpectant management of severe preeclampsia remote from term - -^tPrediction of pre-eclampsia - -^tบทบาทพยาบาลกับการพยาบาลมารดาที่มีภาวะชัก ภาวะครรภ์เป็นพิษที่รุนแรงขณะตั้งครรภ์ไม่ครบกำหนด - -^tFetal distress - -^tการค้นหาและการดูแลรักษาวิกฤตการณ์ทารกในครรภ์ : การอธิบายโดยสรุป
650  7 ^aภาวะฉุกเฉินทางสูติศาสตร์
650  7 ^aภาวะแทรกซ้อนขณะมีครรภ์
650  7 ^aสูติศาสตร์
700 0  ^aเอกชัย โควาวิสารัช,^eบรรณาธิการ
700 0  ^aปัทมา พรพรหมสินธิ,^eบรรณาธิการ
700 0  ^aบุญศรี จันทร์รัชชกูล,^eบรรณาธิการ
856    ^z20121220102131_1773.pdf (Content)^uhttp://ulibm.bcnsprnw.ac.th/ULIB6//_fulltext/5/13399122021/20121220154649_4617.pdf
945    ^p390^l0^i033251
945    ^p390^l0^i033252
945    ^p390^l0^i033253
999    ^aใช้งานได้ทุกระบบ
รายการนี้ยังไม่มีแท็ก
คุณยังไม่ได้ล็อกอิน คุณสามารถมีกิจกรรมร่วมกับเว็บไซต์ได้ แต่ต้องล็อกอินก่อน ::
  ล็อกอิน

รายการสื่อสารสนเทศ

ลำดับที่ ประเภท เลขเรียก/บาร์โค้ด สถานที่ สถานะ
1. วิทยาศาสตร์การแพทย์ และสุขภาพ
หนังสือสำรอง
สถานะ=หนังสือสำรอง
WQ240 ว511 ฉ.1 
  Barcode: 033251
ห้องสมุดวิทยาเขตสวรรค์ประชารักษ์
►ส่วนจัดเก็บหนังสือเก่า สปร
บนชั้น
  ขอยืม
2. วิทยาศาสตร์การแพทย์ และสุขภาพ
วิทยาศาสตร์การแพทย์ และสุขภาพ
WQ240 ว511 ฉ.2 
  Barcode: 033252
ห้องสมุดวิทยาเขตสวรรค์ประชารักษ์
►ส่วนจัดเก็บหนังสือเก่า สปร
บนชั้น
  ขอยืม
3. วิทยาศาสตร์การแพทย์ และสุขภาพ
วิทยาศาสตร์การแพทย์ และสุขภาพ
WQ240 ว511 ฉ.3 
  Barcode: 033253
ห้องสมุดวิทยาเขตสวรรค์ประชารักษ์
►ส่วนจัดเก็บหนังสือเก่า สปร
บนชั้น
  ขอยืม

รายการใกล้เคียง
    หัวเรื่อง [ภาวะฉุกเฉินทางสูติศาสตร์]
    หัวเรื่อง [ภาวะแทรกซ้อนขณะมีครรภ์]
    หัวเรื่อง [สูติศาสตร์]

BibComment


ยังไม่เคยถูกคอมเมนท์

คอมเมนท์ทรัพยากรรายการนี้
  คอมเมนท์: วิกฤตการณ์ทางสูต..


 Copyright 2026. Bcnsprnw @Library